Catálogo 1980 / (Record no. 7002)

MARC details
000 -CABECERA
campo de control de longitud fija 00688nam a2200193 a 4500
005 - FECHA Y HORA DE LA ÚLTIMA TRANSACCIÓN
campo de control 20251204064013.0
008 - ELEMENTOS DE LONGITUD FIJA--INFORMACIÓN GENERAL
campo de control de longitud fija 991125 tla 000 0 mon u
035 ## - NÚMERO DE CONTROL DEL SISTEMA
Número de control de sistema UPN01000007002
049 ## - COLECCIÓN
Colección SEP
050 #4 - SIGNATURA TOPOGRÁFICA DE LA BIBLIOTECA DEL CONGRESO
Número de clasificación L907 S5.2
Número de documento/Ítem 1979
245 00 - MENCIÓN DE TÍTULO
Título Catálogo 1980 /
Mención de responsabilidad, etc. Sistema Nacional de Institutos Tecnológicos Regionales
260 ## - PUBLICACIÓN, DISTRIBUCIÓN, ETC.
Lugar de publicación, distribución, etc. Tlalnepantla, Edo. de Mé :
Nombre del editor, distribuidor, etc. Instituto Tecnológico Regional deTlalnepantla$bSEP, Dirección General de Institutos Tecnológ
300 ## - DESCRIPCIÓN FÍSICA
Extensión 301 p
440 #0 - MENCIÓN DE SERIE/ASIENTO SECUNDARIO--TÍTULO
Título Documentos;
Designación de volumen o secuencia 2
650 #4 - ASIENTO SECUNDARIO DE MATERIA - TERMINO TEMATICO
Término de materia o nombre geográfico como elemento de entrada Enseñanza técnica
Subdivisión de forma Catálogos
9 (RLIN) 20996
710 2# - ASIENTO SECUNDARIO - NOMBRE CORPORATIVO
Nombre de entidad corporativa o nombre de jurisdicción como elemento de entrada Sistema Nacional de Institutos Tecnológicos Regionales (México)
904 ## - ELEMENTOS DE DATOS D LOCAL, LDD (RLIN)
a AC
b 007002
905 ## - TIPO DE MATERIAL
Tipo de material Libro
Holdings
Estado de retiro Estado de pérdida Fuente del sistema de clasificación o colocación Estado dañado No para préstamo Código de colección Localización permanente Ubicación/localización actual Ubicación en estantería Fecha de adquisición Enumeración/cronología de publicación seriada Clasificación Código de barras Fecha visto por última vez Número de copia Tipo de ítem Koha
    Library of Congress Classification   Coleccion SEP Colección SEP Bib. Gregorio Torres Quintero Bib. Gregorio Torres Quintero Colección SEP 09/05/2023 - L907 S5.2 1979 61594 31/12/2020 1 Libro